000 00406nam a2200145Ia 4500
008 130318s9999 xx 000 0 und d
020 _a9788181281814
082 _a570.151 BRI/E
100 _aBrittion, Nicholas F
245 _aEssential Mathematical Biology
260 _bSpringer
_aNew Delhi
_c2003
300 _a335
440 _aSpinger Undergraduate Mathematics Series
650 _aMATHEMATICAL BIOLOGY
999 _c1512
_d1512